000 00301nam a22001337a 4500
008 170615b xxu||||| |||| 00| 0 eng d
020 _a9780071630252
041 _aeng
080 _a338.45
100 _a19
101 _aSHP
245 _aSURVIVING DREADED CONVERSATIONS
_cFLAGG,D
942 _2udc
_cBK
999 _c17606
_d17606